000 01468cam a22003735a 4500
999 _c234362
_d234362
001 17204935
003 Nust
005 20170319183231.0
008 120310s1998 nyu 000 1 eng d
010 _a 97094930
020 _a9780749908829 (pbk.)
035 _a(OCoLC)ocm39317849
040 _aKNJ
_cKNJ
_dSLC
_dOCL
_dOCLCQ
_dBTCTA
_dBAKER
_dYDXCP
_dOCLCQ
_dAU@
_dUPZ
_dFMQ
_dO2H
_dBDX
_dDLC
042 _alccopycat
043 _ae-uk-en
050 0 0 _aCPB Box no. 1448 (Stored at Landover)
082 0 4 _a813.54
_bQUI
100 1 _aQuinn, Julia,
_d1970-.
245 1 0 _aTo catch an heiress /
_cJulia Quinn.
260 _aNew York :
_bAvon Books,
_c1998.
300 _a377 p. ;
_c18 cm.
490 1 _aAvon historical romance
500 _aAvon romantic treasure.
520 _aDetermined to escape marriage to her fortune-hunting guardian's idiotic son, Caroline Trent runs away and winds up in the arms of Blake Ravenscroft, an agent of the crown who mistakes her for a notorious spy and takes her captive.
650 0 _aHistorical fiction.
_2gsaf
651 0 _aEngland
_xSocial life and customs
_y19th century
_vFiction.
655 7 _aLove stories.
_2gsafd
655 7 _aHistorical fiction.
_2gsafd
710 2 _aCopyright Paperback Collection (Library of Congress)
_5DLC
830 0 _aAvon romance.
830 0 _aAvon romantic treasures.
906 _a0
_bibc
_ccopycat
_d2
_eepcn
_f20
_gy-genrareb
942 _2ddc
_cBK